Catálogo
 En Linea
Vista normal Vista MARC

Entrada Término temático

Número de registros utilizados en: 1

001 - NÚMERO DE CONTROL

  • campo de control: 78800

003 - IDENTIFICADOR DEL NÚMERO DE CONTROL

  • campo de control: DO-SdBNP

005 - FECHA Y HORA DE LA ÚLTIMA TRANSACCIÓN

  • campo de control: 20210610134748.0

008 - DATOS DE LONGITUD FIJA

  • campo de control de longitud fija: 210610|| aca||aabn | a|a d

040 ## - FUENTE DE LA CATALOGACIÓN

  • Centro catalogador/agencia de origen: DO-SdBNP
  • Centro/agencia transcriptor: DO-SdBNP

150 ## - ENCABEZAMIENTO--TÉRMINO DE MATERIA

  • Término de materia o nombre geográfico como elemento de entrada: Música folclórica
  • Subdivisión geográfica: Republica Dominicana
  • Subdivisión de forma: Congresos, conferencias, etc

670 ## - FUENTE DE DATOS ENCONTRADOS

  • Cita de la fuente: Work cat.: (DO-SdBNP)49123: Congreso Internacional Música, Identidad y Cultura en el Caribe (4. : 2015 : Santiago de los Caballeros, República Dominicana) 77232, Trovadores, sociedades e identidades en el Caribe :, 2016.

Con tecnología Koha